• 首页
  • 本馆介绍
  • 公告通知
  • 最新文献
  • 馆藏检索
  • 电子资源
  • 读者导购
  • 参考咨询
  • 我的图书馆
  • 登录
  • 详细信息显示
  • 放入我的书架
  • 预约/预借图书
  • 作者相关作品
  • 分类相关作品
  • 丛书相关作品
  • 出版社相关作品

书目信息

  • 表格格式
  • 工作单格式
  • 卡片格式
题名:
管理对象心理探秘
    
 
作者: 格勒曼 著 ;爱丁 译
分册:  
出版信息: 北京   电子工业出版社  2004
页数: 16,335页
开本: 20cm
丛书名:
单 册:
中图分类: C93-05
科图分类:
主题词: 管理心理学--研究
电子资源:
ISBN: 7-5053-9307-3
000 00799nam0 2200241 45
001 122523082
005 20051115091425.03
010    @a7-5053-9307-3@dCNY24.00
092    @aCN
100    @a20040917d2004 em y0chiy0110 ea
101 1  @achi@ceng
102    @aCN@b110000
105    @ay z 000yy
200 1  @a管理对象心理探秘@Aguan li dui xiang xin li tan mi@f(美)索尔·W·格勒曼著@F(Mei)Suo Er·W·Ge Le Man Zhu@g爱丁等译
210    @a北京@c电子工业出版社@d2004
215    @a16,335页@d20cm
330    @a本书选取了立达实验室、IBM公司、先灵公司等案例,详细地叙述了发生在实际生活中管理事件,揭示了管理的一系列相关问题。
606 0  @a管理心理学@x研究
690    @aC93-05@v4
701  0 @a格勒曼@4著
702  0 @a爱丁@Aai ding@4译
801  0 @aCN@bCXYBOOK@c20051115
905    @a10447@dC93-05@e163
    
    管理对象心理探秘/(美)索尔·W·格勒曼著/爱丁等译.-北京:电子工业出版社,2004
    16,335页;20cm
    
    
    ISBN 7-5053-9307-3:CNY24.00
    本书选取了立达实验室、IBM公司、先灵公司等案例,详细地叙述了发生在实际生活中管理事件,揭示了管理的一系列相关问题。
●
相关链接 在E读中查询图书 在五车中查询图书 在当当中查询图书 在豆瓣中查询图书


正题名:管理对象心理探秘     索取号:C93-05/163         预约/预借

序号 登录号 条形码 馆藏地/架位号 状态 备注
1 0353673   3536739   第一样本阅览室/ [索取号:C93-05/163] 在馆    
2 0367417   203674176   第一借阅区/ [索取号:C93-05/163] 在馆    
3 0367418   203674185   第一借阅区/ [索取号:C93-05/163] 在馆    
4 0367419   203674194   第一借阅区/ [索取号:C93-05/163] 在馆    
5 0367420   203674201   第一借阅区/ [索取号:C93-05/163] 在馆    
6 0367421   203674210   第一借阅区/ [索取号:C93-05/163] 在馆    
唐山师范学院图书馆 欢迎您!
大连网信软件有限公司© 版权所有